[Event "Wakefield 4NCL op-B 13th"]
[Site "Wakefield"]
[Date "2017.04.09"]
[Round "4.7"]
[White "Dennison, Warren B"]
[Black "Han, Yichen"]
[Result "1/2-1/2"]
[WhiteElo "1923"]
[BlackElo "1773"]
[PlyCount "97"]
[EventDate "2017.04.07"]
[EventType "swiss"]
[EventRounds "5"]
[EventCountry "ENG"]
[SourceTitle "EXT 2023"]
[Source "ChessBase"]
[SourceDate "2022.10.05"]
[SourceVersion "1"]
[SourceVersionDate "2022.10.05"]
[SourceQuality "1"]

1. e4 e5 2. Nf3 Nc6 3. Bc4 Nf6 4. d4 exd4 5. e5 Ng4 6. 0-0 d6 7. exd6 Qxd6 8. h3 Nge5 9. Re1 Be7 10. Nxe5 Nxe5 11. Bf4 f6 12. Bxe5 fxe5 13. Qh5+ g6 14. Qxe5 Qxe5 15. Rxe5 Kf8 16. c3 Bf6 17. Re2 Bf5 18. cxd4 Bxd4 19. g4 Bxb1 20. Rxb1 Bc5 21. Rc1 b6 22. Rd1 Bd6 23. Rde1 Kg7 24. Bd5 Raf8 25. a3 Rf4 26. Kg2 Rhf8 27. f3 Kh6 28. h4 Kg7 29. Rh1 h5 30. gxh5 gxh5 31. Kh3 R4f6 32. Rg1+ Rg6 33. Reg2 Rxg2 34. Rxg2+ Kh6 35. Be4 Rf6 36. Rg8 Be5 37. Rh8+ Kg7 38. Rxh5 Bxb2 39. Rh7+ Kg8 40. Rxc7 Bxa3 41. Rxa7 Bc1 42. Rb7 Be3 43. Kg4 Rf4+ 44. Kh5 Rf6 45. Bd5+ Kh8 46. Kg4 Rf4+ 47. Kg3 Rf6 48. h5 Rf5 49. Be4 1/2-1/2

[Event "Wetherby 4NCL op-A 6th"]
[Site "Wetherby"]
[Date "2016.01.10"]
[Round "4"]
[White "Dennison, Warren B"]
[Black "Batonyi, Gabor"]
[Result "0-1"]
[WhiteElo "1975"]
[BlackElo "1907"]
[PlyCount "156"]
[EventDate "2016.01.08"]
[EventType "swiss"]
[EventRounds "5"]
[EventCountry "ENG"]
[SourceTitle "CBM 170 Extra"]
[Source "ChessBase"]
[SourceDate "2016.02.25"]
[SourceVersion "1"]
[SourceVersionDate "2016.02.25"]
[SourceQuality "1"]

1. e4 d5 2. exd5 Qxd5 3. Nc3 Qa5 4. d4 Nf6 5. Nf3 Bg4 6. Be2 e6 7. 0-0 Nc6 8. h3 Bh5 9. Ne5 Nxe5 10. Bxh5 0-0-0 11. f4 Rxd4 12. Qe2 Ng6 13. Bf3 Bc5 14. Kh1 Nh4 15. a3 Rd7 16. Bd2 Qa6 17. Qxa6 bxa6 18. Be1 Nxf3 19. Rxf3 Nd5 20. f5 e5 21. b4 Bd4 22. Rd1 Ne3 23. Rc1 g6 24. fxg6 hxg6 25. Ne2 Bb6 26. c4 Bd4 27. c5 g5 28. Nxd4 exd4 29. c6 Re7 30. Kg1 f5 31. Bd2 Re5 32. Re1 f4 33. Bc1 Re6 34. Bb2 Rd8 35. g3 Rxc6 36. gxf4 gxf4 37. Rxf4 d3 38. Bc1 Rxc1 39. Rxc1 d2 40. Rb1 d1Q+ 41. Rxd1 Rxd1+ 42. Kf2 Nd5 43. Rf8+ Kb7 44. Ke2 Ra1 45. Rf3 Ra2+ 46. Kf1 Ne7 47. Kg1 Ng6 48. Rg3 Nh4 49. Rc3 Kb6 50. Kf1 c6 51. Ke1 Nf5 52. Kd1 Nd4 53. h4 Rh2 54. a4 Rxh4 55. Rc5 Nb3 56. a5+ Kb7 57. Rg5 Rxb4 58. Rg7+ Ka8 59. Rg8+ Rb8 60. Rg6 Rb5 61. Rg8+ Kb7 62. Rg7+ Kb8 63. Rg8+ Kc7 64. Rg7+ Kd6 65. Rxa7 Rxa5 66. Rh7 Nc5 67. Kc2 Ra3 68. Kb2 Rg3 69. Ra7 Kd5 70. Rc7 a5 71. Rc8 a4 72. Rd8+ Kc4 73. Rh8 Na6 74. Rh4+ Kb5 75. Rh5+ c5 76. Ka2 Nb4+ 77. Kb2 a3+ 78. Kb1 Rg1# 0-1

[Event "Wetherby 4NCL op-A 6th"]
[Site "Wetherby"]
[Date "2016.01.10"]
[Round "5"]
[White "Vickery, Jim"]
[Black "Dennison, Warren B"]
[Result "1/2-1/2"]
[WhiteElo "2023"]
[BlackElo "1975"]
[PlyCount "39"]
[EventDate "2016.01.08"]
[EventType "swiss"]
[EventRounds "5"]
[EventCountry "ENG"]
[SourceTitle "CBM 170 Extra"]
[Source "ChessBase"]
[SourceDate "2016.02.25"]
[SourceVersion "1"]
[SourceVersionDate "2016.02.25"]
[SourceQuality "1"]

1. d4 d5 2. Nf3 Nc6 3. Bf4 Bg4 4. e3 f6 5. Be2 Bxf3 6. Bxf3 e5 7. dxe5 fxe5 8. Bg3 Nf6 9. Bh4 e4 10. Bh5+ g6 11. Be2 Bg7 12. c4 d4 13. exd4 Qxd4 14. Nc3 0-0 15. 0-0 Rad8 16. Qxd4 Nxd4 17. Rad1 Nxe2+ 18. Nxe2 h5 19. Bxf6 Bxf6 20. b3 1/2-1/2